| 000 | 00867cam a22002415a 4500 | ||
|---|---|---|---|
| 001 | 14060010 | ||
| 005 | 20160113113514.0 | ||
| 008 | 050801t2006 nyua frb 001 0 eng d | ||
| 020 | _a0765613026 (hardcover : alk. paper) | ||
| 020 | _a9780765613028 | ||
| 040 |
_aDLC _cDLC _dBAKER _dUKM _dC#P _dNLGGC _dYDXCP _dOCLCQ _dDLC _dEG-ScBUE _beng |
||
| 082 | 0 | 4 |
_a330.019 _222 _bHAN |
| 245 | 0 | 0 |
_aHandbook of contemporary behavioral economics : _bfoundations and developments / _cedited by Morris Altman. |
| 260 |
_aArmonk ; _aLondon : _bM. E. Sharpe, _cc.2006. |
||
| 300 |
_axxii, 762 p. : _bill. ; _c27 cm. |
||
| 500 | _aIndex : p. 739-762. | ||
| 504 | _aIncludes bibliographical references. | ||
| 650 | 7 |
_aEconomics _xPsychological aspects. _2BUEsh _936720 |
|
| 651 | _2BUEsh | ||
| 653 |
_bBUSECO _cJuly2015 _cJanuary2016 |
||
| 700 | 1 |
_aAltman, Morris, _eeditor. |
|
| 942 | _2ddc | ||
| 999 |
_c20244 _d20216 |
||